000
00295nam a22001337a 4500
008
190205b xxu||||| |||| 00| 0 eng d
020
_a
0853453705
041
_a
eng
080
_a
941
100
_a
16
101
_a
HIS
245
_a
Labor and Monopoly Capital
_c
Braverman, H
942
_2
udc
_c
BK
999
_c
53953
_d
53953